[Event "DVM U16w 2023"]
[Site "Magdeburg GER"]
[Date "2023.12.28"]
[Round "3"]
[White "Czäczine, Laura"]
[Black "Glotz, Diana"]
[Result "1-0"]
[Termination "normal"]
[Board "1.3"]
[WhiteElo "1474"]
[BlackElo "1420"]
[WhiteClock "00:04:44"]
[BlackClock "00:12:58"]
[WhiteTeam "Chemnitzer SC Aufbau95"]
[BlackTeam "SSV Altenberg"]
[PlyCount "67"]
[WhiteFideId "16211448"]
[BlackFideId "16278500"]
[EventCountry "GER"]
[EventRounds "7"]
[EventType "team-swiss"]
[EventDate "2023.12.26"]

1. e4 {[%clk 01:30:59]} c5 {[%clk 01:30:53]} {[%emt 00:00:07]} 2. Nf3 {[%clk
01:31:14]} {[%emt 00:00:15]} d6 {[%clk 01:31:18]} {[%emt 00:00:05]} 3. d4
{[%clk 01:31:18]} {[%emt 00:00:26]} cxd4 {[%clk 01:31:41]} {[%emt 00:00:06]} 4.
Nxd4 {[%clk 01:31:44]} {[%emt 00:00:05]} Nf6 {[%clk 01:32:04]} {[%emt
00:00:07]} 5. Nc3 {[%clk 01:31:58]} {[%emt 00:00:15]} a6 {[%clk 01:32:24]}
{[%emt 00:00:11]} 6. f3 {[%clk 01:30:14]} {[%emt 00:02:14]} e6 {[%clk
01:30:39]} {[%emt 00:02:16]} 7. Be3 {[%clk 01:28:28]} {[%emt 00:02:15]} b5
{[%clk 01:28:40]} {[%emt 00:02:28]} 8. a3 {[%clk 01:22:39]} {[%emt 00:06:20]}
Bb7 {[%clk 01:27:00]} {[%emt 00:02:09]} 9. Qd2 {[%clk 01:14:38]} {[%emt
00:08:32]} Nbd7 {[%clk 01:25:22]} {[%emt 00:02:08]} 10. O-O-O {[%clk 01:08:18]}
{[%emt 00:06:50]} Nb6 {[%clk 01:13:28]} {[%emt 00:12:24]} 11. Bg5 {[%clk
00:56:30]} {[%emt 00:12:18]} Be7 {[%clk 01:11:33]} {[%emt 00:02:24]} 12. h4
{[%clk 00:50:32]} {[%emt 00:06:29]} Nc4 {[%clk 01:10:09]} {[%emt 00:01:54]} 13.
Bxc4 {[%clk 00:49:44]} {[%emt 00:01:18]} bxc4 {[%clk 01:10:32]} {[%emt
00:00:07]} 14. Rhe1 {[%clk 00:47:41]} {[%emt 00:02:32]} Qa5 {[%clk 00:51:04]}
{[%emt 00:19:58]} 15. Nde2 {[%clk 00:39:32]} {[%emt 00:08:40]} Rd8 {[%clk
00:42:46]} {[%emt 00:08:48]} 16. Qd4 {[%clk 00:36:34]} {[%emt 00:03:22]} Qc7
{[%clk 00:38:27]} {[%emt 00:04:55]} 17. Qf2 {[%clk 00:31:31]} {[%emt 00:05:30]}
O-O {[%clk 00:34:01]} {[%emt 00:04:59]} 18. Ng3 {[%clk 00:29:22]} {[%emt
00:02:39]} Rb8 {[%clk 00:32:36]} {[%emt 00:01:55]} 19. Bf4 {[%clk 00:24:35]}
{[%emt 00:05:13]} e5 {[%clk 00:29:26]} {[%emt 00:03:43]} 20. Be3 {[%clk
00:23:47]} {[%emt 00:01:16]} Bc8 {[%clk 00:26:46]} {[%emt 00:03:13]} 21. Na4
{[%clk 00:20:32]} {[%emt 00:03:43]} Be6 {[%clk 00:23:16]} {[%emt 00:04:02]} 22.
f4 {[%clk 00:15:30]} {[%emt 00:05:32]} Ng4 {[%clk 00:21:12]} {[%emt 00:02:33]}
23. Qf3 {[%clk 00:13:46]} {[%emt 00:02:14]} Nxe3 {[%clk 00:21:11]} {[%emt
00:00:32]} 24. Qxe3 {[%clk 00:12:54]} {[%emt 00:01:22]} Qc6 {[%clk 00:19:30]}
{[%emt 00:02:09]} 25. Nc3 {[%clk 00:12:30]} {[%emt 00:00:56]} Qb7 {[%clk
00:19:50]} {[%emt 00:00:09]} 26. f5 {[%clk 00:10:20]} {[%emt 00:02:41]} Bc8
{[%clk 00:17:27]} {[%emt 00:02:52]} 27. Rh1 {[%clk 00:09:24]} {[%emt 00:01:27]}
Qxb2+ {[%clk 00:16:49]} {[%emt 00:01:08]} 28. Kd2 {[%clk 00:09:49]} {[%emt
00:00:05]} Qb6 {[%clk 00:16:57]} {[%emt 00:00:21]} 29. Qf3 {[%clk 00:09:25]}
{[%emt 00:00:54]} Qd4+ {[%clk 00:15:16]} {[%emt 00:02:11]} 30. Ke2 {[%clk
00:09:26]} {[%emt 00:00:30]} Qc5 {[%clk 00:14:51]} {[%emt 00:00:53]} 31. Nd5
{[%clk 00:08:40]} {[%emt 00:01:17]} Bd8 {[%clk 00:14:32]} {[%emt 00:00:49]} 32.
f6 {[%clk 00:08:07]} {[%emt 00:01:04]} g6 {[%clk 00:13:39]} {[%emt 00:01:23]}
33. h5 {[%clk 00:07:03]} {[%emt 00:01:35]} Rb7 {[%clk 00:12:58]} {[%emt
00:01:10]} 34. Nf5 {[%clk 00:04:44]} {[%emt 00:02:49]} *

[Event "DVM U16w 2023"]
[Site "Magdeburg GER"]
[Date "2023.12.28"]
[Round "3"]
[White "Eger, Nora"]
[Black "Brewig, Bea Josephine"]
[Result "0-1"]
[Termination "normal"]
[Board "1.4"]
[WhiteElo "1272"]
[BlackElo "1256"]
[WhiteClock "00:25:10"]
[BlackClock "00:02:41"]
[WhiteTeam "SSV Altenberg"]
[BlackTeam "Chemnitzer SC Aufbau95"]
[PlyCount "83"]
[WhiteFideId "34605827"]
[BlackFideId "16249313"]
[EventCountry "GER"]
[EventRounds "7"]
[EventType "team-swiss"]
[EventDate "2023.12.26"]

1. Nf3 {[%clk 01:30:58]} {[%emt 00:00:02]} d5 {[%clk 01:30:46]} {[%emt
00:00:14]} 2. g3 {[%clk 01:31:21]} {[%emt 00:00:08]} c5 {[%clk 01:31:01]}
{[%emt 00:00:15]} 3. Bg2 {[%clk 01:31:40]} {[%emt 00:00:10]} Nc6 {[%clk
01:31:13]} {[%emt 00:00:20]} 4. d3 {[%clk 01:31:38]} {[%emt 00:00:31]} e5
{[%clk 01:21:12]} {[%emt 00:10:31]} 5. O-O {[%clk 01:30:23]} {[%emt 00:01:46]}
Nf6 {[%clk 01:19:40]} {[%emt 00:02:01]} 6. c4 {[%clk 01:29:20]} {[%emt
00:01:33]} dxc4 {[%clk 01:11:07]} {[%emt 00:09:02]} 7. dxc4 {[%clk 01:29:10]}
{[%emt 00:00:41]} Qxd1 {[%clk 01:04:00]} {[%emt 00:07:37]} 8. Rxd1 {[%clk
01:29:31]} {[%emt 00:00:09]} Bg4 {[%clk 00:40:06]} {[%emt 00:24:23]} 9. Nc3
{[%clk 01:24:50]} {[%emt 00:05:11]} Rd8 {[%clk 00:34:07]} {[%emt 00:06:29]} 10.
Rxd8+ {[%clk 01:23:44]} {[%emt 00:01:36]} Kxd8 {[%clk 00:32:42]} {[%emt
00:01:56]} 11. e3 {[%clk 01:20:07]} {[%emt 00:04:07]} Be7 {[%clk 00:29:49]}
{[%emt 00:03:23]} 12. Bd2 {[%clk 01:16:34]} {[%emt 00:04:03]} Be6 {[%clk
00:24:46]} {[%emt 00:05:32]} 13. b3 {[%clk 01:14:43]} {[%emt 00:02:22]} h6
{[%clk 00:23:16]} {[%emt 00:02:00]} 14. Rd1 {[%clk 01:10:05]} {[%emt 00:05:08]}
Kc8 {[%clk 00:22:26]} {[%emt 00:01:20]} 15. Bc1 {[%clk 01:08:24]} {[%emt
00:02:10]} Rd8 {[%clk 00:20:57]} {[%emt 00:01:59]} 16. Rxd8+ {[%clk 01:07:09]}
{[%emt 00:01:46]} Bxd8 {[%clk 00:20:06]} {[%emt 00:01:20]} 17. Bb2 {[%clk
01:07:07]} {[%emt 00:00:32]} Nd7 {[%clk 00:18:16]} {[%emt 00:02:21]} 18. Ne4
{[%clk 01:03:02]} {[%emt 00:04:34]} Kc7 {[%clk 00:17:04]} {[%emt 00:01:43]} 19.
a3 {[%clk 01:00:04]} {[%emt 00:03:28]} f5 {[%clk 00:14:45]} {[%emt 00:02:49]}
20. Nc3 {[%clk 00:58:13]} {[%emt 00:02:21]} a6 {[%clk 00:13:35]} {[%emt
00:01:40]} 21. Nd2 {[%clk 00:57:47]} {[%emt 00:00:55]} Be7 {[%clk 00:11:25]}
{[%emt 00:02:40]} 22. Bd5 {[%clk 00:56:01]} {[%emt 00:02:16]} Nd8 {[%clk
00:10:42]} {[%emt 00:01:14]} 23. Bxe6 {[%clk 00:55:19]} {[%emt 00:01:11]} Nxe6
{[%clk 00:11:04]} {[%emt 00:00:08]} 24. Nd5+ {[%clk 00:55:37]} {[%emt
00:00:13]} Kd8 {[%clk 00:10:54]} {[%emt 00:00:40]} 25. Nxe7 {[%clk 00:55:39]}
{[%emt 00:00:28]} Kxe7 {[%clk 00:11:13]} {[%emt 00:00:10]} 26. Nf3 {[%clk
00:53:07]} {[%emt 00:03:02]} Kf6 {[%clk 00:10:43]} {[%emt 00:01:01]} 27. Nh4
{[%clk 00:52:09]} {[%emt 00:01:27]} g5 {[%clk 00:10:49]} {[%emt 00:00:24]} 28.
Ng2 {[%clk 00:52:25]} {[%emt 00:00:14]} Kg6 {[%clk 00:09:09]} {[%emt 00:02:10]}
29. Kf1 {[%clk 00:48:04]} {[%emt 00:04:51]} e4 {[%clk 00:07:12]} {[%emt
00:02:28]} 30. Ke2 {[%clk 00:47:31]} {[%emt 00:01:03]} Kh5 {[%clk 00:06:48]}
{[%emt 00:00:53]} 31. h4 {[%clk 00:44:20]} {[%emt 00:03:40]} g4 {[%clk
00:06:16]} {[%emt 00:01:03]} 32. Bg7 {[%clk 00:39:51]} {[%emt 00:04:59]} Kg6
{[%clk 00:05:53]} {[%emt 00:00:53]} 33. Bc3 {[%clk 00:39:02]} {[%emt 00:01:19]}
h5 {[%clk 00:05:31]} {[%emt 00:00:53]} 34. Nf4+ {[%clk 00:37:35]} {[%emt
00:01:56]} Nxf4+ {[%clk 00:05:40]} {[%emt 00:00:20]} 35. exf4 {[%clk 00:37:41]}
{[%emt 00:00:25]} Kf7 {[%clk 00:05:38]} {[%emt 00:00:31]} 36. Kd2 {[%clk
00:36:06]} {[%emt 00:02:06]} Ke6 {[%clk 00:05:26]} {[%emt 00:00:42]} 37. Kc2
{[%clk 00:33:54]} {[%emt 00:02:43]} Kd6 {[%clk 00:04:43]} {[%emt 00:01:12]} 38.
b4 {[%clk 00:32:41]} {[%emt 00:01:43]} cxb4 {[%clk 00:03:12]} {[%emt 00:02:02]}
39. axb4 {[%clk 00:32:37]} {[%emt 00:00:34]} b5 {[%clk 00:02:48]} {[%emt
00:00:53]} 40. cxb5 {[%clk 00:28:03]} {[%emt 00:05:04]} axb5 {[%clk 00:03:01]}
{[%emt 00:00:17]} 41. Kb3 {[%clk 00:27:26]} {[%emt 00:01:08]} Kd5 {[%clk
00:02:41]} {[%emt 00:00:50]} 42. Bd2 {[%clk 00:25:10]} {[%emt 00:02:44]} *

[Event "DVM U16w 2023"]
[Site "Magdeburg GER"]
[Date "2023.12.28"]
[Round "3"]
[White "Trunz, Tamila"]
[Black "Prokscha, Charlotte"]
[Result "1-0"]
[Termination "normal"]
[Board "2.1"]
[WhiteElo "1766"]
[BlackElo "1341"]
[WhiteClock "00:14:22"]
[BlackClock "00:03:59"]
[WhiteTeam "SG Porz"]
[BlackTeam "SC Garching 1980"]
[PlyCount "70"]
[WhiteFideId "16267885"]
[BlackFideId "34614699"]
[EventCountry "GER"]
[EventRounds "7"]
[EventType "team-swiss"]
[EventDate "2023.12.26"]

1. e4 {[%clk 01:30:45]} {[%emt 00:00:14]} c5 {[%clk 01:30:53]} {[%emt
00:00:07]} 2. Nf3 {[%clk 01:31:12]} {[%emt 00:00:03]} Nc6 {[%clk 01:31:11]}
{[%emt 00:00:11]} 3. Bb5 {[%clk 01:31:36]} {[%emt 00:00:07]} a6 {[%clk
01:31:27]} {[%emt 00:00:14]} 4. Bxc6 {[%clk 01:31:59]} {[%emt 00:00:07]} bxc6
{[%clk 01:31:48]} {[%emt 00:00:09]} 5. d3 {[%clk 01:31:03]} {[%emt 00:01:26]}
e6 {[%clk 01:27:19]} {[%emt 00:04:59]} 6. b3 {[%clk 01:20:43]} {[%emt
00:10:50]} d5 {[%clk 01:25:31]} {[%emt 00:02:18]} 7. O-O {[%clk 01:18:41]}
{[%emt 00:02:32]} Nf6 {[%clk 01:24:59]} {[%emt 00:01:02]} 8. Qe2 {[%clk
01:18:14]} {[%emt 00:00:57]} Be7 {[%clk 01:23:12]} {[%emt 00:02:18]} 9. Nc3
{[%clk 01:14:12]} {[%emt 00:04:32]} Bb7 {[%clk 01:21:23]} {[%emt 00:02:17]} 10.
Bb2 {[%clk 01:12:13]} {[%emt 00:02:29]} h6 {[%clk 01:16:31]} {[%emt 00:05:23]}
11. Rad1 {[%clk 01:08:45]} {[%emt 00:03:58]} O-O {[%clk 01:11:58]} {[%emt
00:05:03]} 12. Na4 {[%clk 01:04:02]} {[%emt 00:05:13]} Nd7 {[%clk 00:59:52]}
{[%emt 00:12:36]} 13. Qd2 {[%clk 00:53:19]} {[%emt 00:11:13]} Qc7 {[%clk
00:52:29]} {[%emt 00:07:52]} 14. h3 {[%clk 00:43:07]} {[%emt 00:10:44]} Rfe8
{[%clk 00:44:32]} {[%emt 00:08:25]} 15. Nh2 {[%clk 00:39:43]} {[%emt 00:03:55]}
h5 {[%clk 00:32:05]} {[%emt 00:12:57]} 16. f4 {[%clk 00:36:28]} {[%emt
00:03:46]} Nf6 {[%clk 00:24:59]} {[%emt 00:07:35]} 17. Be5 {[%clk 00:34:10]}
{[%emt 00:02:47]} Qd8 {[%clk 00:23:13]} {[%emt 00:02:15]} 18. Qe2 {[%clk
00:30:43]} {[%emt 00:04:00]} h4 {[%clk 00:17:08]} {[%emt 00:06:35]} 19. Kh1
{[%clk 00:24:07]} {[%emt 00:07:05]} Nd7 {[%clk 00:14:22]} {[%emt 00:03:16]} 20.
Bc3 {[%clk 00:23:11]} {[%emt 00:01:26]} d4 {[%clk 00:13:32]} {[%emt 00:01:20]}
21. Bd2 {[%clk 00:20:58]} {[%emt 00:02:43]} Bc8 {[%clk 00:12:56]} {[%emt
00:01:06]} 22. Nb2 {[%clk 00:20:21]} {[%emt 00:01:07]} Qc7 {[%clk 00:10:32]}
{[%emt 00:02:53]} 23. Nc4 {[%clk 00:16:52]} {[%emt 00:03:59]} a5 {[%clk
00:07:20]} {[%emt 00:03:43]} 24. a4 {[%clk 00:16:49]} {[%emt 00:00:33]} Bb7
{[%clk 00:06:54]} {[%emt 00:00:56]} 25. Qe1 {[%clk 00:16:35]} {[%emt 00:00:44]}
Bd8 {[%clk 00:06:46]} {[%emt 00:00:38]} 26. Nf3 {[%clk 00:14:45]} {[%emt
00:02:20]} f6 {[%clk 00:04:25]} {[%emt 00:02:52]} 27. Nxh4 {[%clk 00:14:44]}
{[%emt 00:00:30]} f5 {[%clk 00:04:11]} {[%emt 00:00:45]} 28. e5 {[%clk
00:13:19]} {[%emt 00:01:54]} Bxh4 {[%clk 00:04:10]} {[%emt 00:00:31]} 29. Qxh4
{[%clk 00:13:41]} {[%emt 00:00:08]} Nf8 {[%clk 00:03:49]} {[%emt 00:00:52]} 30.
Qe1 {[%clk 00:13:39]} {[%emt 00:00:30]} Red8 {[%clk 00:04:03]} {[%emt
00:00:17]} 31. Bxa5 {[%clk 00:13:54]} {[%emt 00:00:14]} Rxa5 {[%clk 00:03:48]}
{[%emt 00:00:46]} 32. Nxa5 {[%clk 00:13:52]} {[%emt 00:00:31]} Ra8 {[%clk
00:04:06]} {[%emt 00:00:13]} 33. Nc4 {[%clk 00:14:15]} {[%emt 00:00:06]} Nd7
{[%clk 00:03:48]} {[%emt 00:00:49]} 34. Qg3 {[%clk 00:14:03]} {[%emt 00:00:42]}
Ba6 {[%clk 00:03:57]} {[%emt 00:00:22]} 35. Nd6 {[%clk 00:14:22]} {[%emt
00:00:10]} Nb6 {[%clk 00:03:59]} {[%emt 00:00:27]} *

[Event "DVM U16w 2023"]
[Site "Magdeburg GER"]
[Date "2023.12.28"]
[Round "3"]
[White "Brandt, Clara"]
[Black "Huber, Laura"]
[Result "1/2-1/2"]
[Termination "normal"]
[Board "2.3"]
[WhiteElo "1267"]
[BlackElo "1417"]
[WhiteClock "00:06:08"]
[BlackClock "00:08:31"]
[WhiteTeam "SG Porz"]
[BlackTeam "SC Garching 1980"]
[PlyCount "63"]
[WhiteFideId "34614737"]
[BlackFideId "16270940"]
[EventCountry "GER"]
[EventRounds "7"]
[EventType "team-swiss"]
[EventDate "2023.12.26"]

1. d4 {[%clk 01:30:59]} Nf6 {[%clk 01:30:18]} {[%emt 00:00:43]} 2. Nf3 {[%clk
01:31:05]} {[%emt 00:00:24]} d5 {[%clk 01:28:23]} {[%emt 00:02:24]} 3. g3
{[%clk 01:31:03]} {[%emt 00:00:33]} e6 {[%clk 01:28:07]} {[%emt 00:00:45]} 4.
Bg2 {[%clk 01:31:20]} {[%emt 00:00:14]} Bd6 {[%clk 01:24:54]} {[%emt 00:03:42]}
5. b3 {[%clk 01:30:42]} {[%emt 00:01:08]} Nbd7 {[%clk 01:20:06]} {[%emt
00:05:17]} 6. Bb2 {[%clk 01:30:24]} {[%emt 00:00:50]} O-O {[%clk 01:14:11]}
{[%emt 00:06:25]} 7. O-O {[%clk 01:28:51]} {[%emt 00:02:03]} c6 {[%clk
01:11:10]} {[%emt 00:03:30]} 8. c4 {[%clk 01:27:20]} {[%emt 00:02:02]} Re8
{[%clk 01:07:57]} {[%emt 00:03:43]} 9. Nc3 {[%clk 01:21:04]} {[%emt 00:06:44]}
Rb8 {[%clk 01:02:16]} {[%emt 00:06:12]} 10. Re1 {[%clk 01:10:29]} {[%emt
00:11:05]} b5 {[%clk 00:57:02]} {[%emt 00:05:45]} 11. c5 {[%clk 01:08:28]}
{[%emt 00:02:31]} Bc7 {[%clk 00:56:36]} {[%emt 00:00:56]} 12. b4 {[%clk
01:07:35]} {[%emt 00:01:22]} e5 {[%clk 00:52:42]} {[%emt 00:04:24]} 13. e4
{[%clk 01:01:32]} {[%emt 00:06:33]} dxe4 {[%clk 00:47:32]} {[%emt 00:05:40]}
14. Nxe4 {[%clk 01:01:10]} {[%emt 00:00:52]} Nxe4 {[%clk 00:40:30]} {[%emt
00:07:33]} 15. Rxe4 {[%clk 01:00:57]} {[%emt 00:00:43]} f5 {[%clk 00:38:53]}
{[%emt 00:02:07]} 16. Re1 {[%clk 00:57:39]} {[%emt 00:03:47]} e4 {[%clk
00:38:48]} {[%emt 00:00:35]} 17. Nd2 {[%clk 00:55:52]} {[%emt 00:02:17]} Nf6
{[%clk 00:37:56]} {[%emt 00:01:22]} 18. a3 {[%clk 00:45:20]} {[%emt 00:11:02]}
Nd5 {[%clk 00:36:08]} {[%emt 00:02:18]} 19. Nf1 {[%clk 00:41:24]} {[%emt
00:04:26]} Bd7 {[%clk 00:30:22]} {[%emt 00:06:16]} 20. Ne3 {[%clk 00:40:12]}
{[%emt 00:01:42]} Qf6 {[%clk 00:26:14]} {[%emt 00:04:38]} 21. f3 {[%clk
00:33:42]} {[%emt 00:06:59]} f4 {[%clk 00:22:15]} {[%emt 00:04:30]} 22. Nxd5
{[%clk 00:30:21]} {[%emt 00:03:52]} cxd5 {[%clk 00:22:22]} {[%emt 00:00:23]}
23. g4 {[%clk 00:27:52]} {[%emt 00:02:58]} e3 {[%clk 00:22:09]} {[%emt
00:00:43]} 24. Re2 {[%clk 00:19:27]} {[%emt 00:08:55]} a5 {[%clk 00:17:23]}
{[%emt 00:05:16]} 25. Qd3 {[%clk 00:16:24]} {[%emt 00:03:33]} a4 {[%clk
00:16:43]} {[%emt 00:01:10]} 26. Rc1 {[%clk 00:15:55]} {[%emt 00:00:59]} Bc6
{[%clk 00:12:58]} {[%emt 00:04:16]} 27. Bc3 {[%clk 00:14:18]} {[%emt 00:02:06]}
Rf8 {[%clk 00:11:20]} {[%emt 00:02:09]} 28. Be1 {[%clk 00:12:13]} {[%emt
00:02:34]} g5 {[%clk 00:11:11]} {[%emt 00:00:39]} 29. Rec2 {[%clk 00:10:12]}
{[%emt 00:02:31]} Be8 {[%clk 00:08:42]} {[%emt 00:02:59]} 30. Qd1 {[%clk
00:08:30]} {[%emt 00:02:12]} Bc6 {[%clk 00:08:29]} {[%emt 00:00:43]} 31. h3
{[%clk 00:08:00]} {[%emt 00:01:01]} Bd8 {[%clk 00:08:31]} {[%emt 00:00:27]} 32.
Bc3 {[%clk 00:06:08]} {[%emt 00:02:21]} *

[Event "DVM U16w 2023"]
[Site "Magdeburg GER"]
[Date "2023.12.28"]
[Round "3"]
[White "Muhina, Alina"]
[Black "Siegel, Irene"]
[Result "1/2-1/2"]
[Termination "normal"]
[Board "2.4"]
[WhiteElo "1210"]
[BlackElo "1313"]
[WhiteClock "00:37:13"]
[BlackClock "00:04:36"]
[WhiteTeam "SC Garching 1980"]
[BlackTeam "SG Porz"]
[PlyCount "72"]
[WhiteFideId "16298322"]
[BlackFideId "16284380"]
[EventCountry "GER"]
[EventRounds "7"]
[EventType "team-swiss"]
[EventDate "2023.12.26"]

1. e4 {[%clk 01:30:58]} {[%emt 00:00:02]} e5 {[%clk 01:30:52]} {[%emt
00:00:09]} 2. Nf3 {[%clk 01:31:25]} {[%emt 00:00:03]} Nc6 {[%clk 01:31:07]}
{[%emt 00:00:14]} 3. d4 {[%clk 01:31:41]} {[%emt 00:00:16]} exd4 {[%clk
01:31:26]} {[%emt 00:00:10]} 4. Nxd4 {[%clk 01:32:07]} {[%emt 00:00:04]} Bc5
{[%clk 01:31:20]} {[%emt 00:00:35]} 5. Nxc6 {[%clk 01:32:32]} {[%emt 00:00:05]}
bxc6 {[%clk 01:31:36]} {[%emt 00:00:15]} 6. Nc3 {[%clk 01:32:53]} {[%emt
00:00:09]} Ne7 {[%clk 01:29:32]} {[%emt 00:02:34]} 7. Bd3 {[%clk 01:31:53]}
{[%emt 00:01:30]} O-O {[%clk 01:29:01]} {[%emt 00:01:01]} 8. O-O {[%clk
01:32:05]} {[%emt 00:00:18]} d5 {[%clk 01:28:50]} {[%emt 00:00:41]} 9. exd5
{[%clk 01:29:57]} {[%emt 00:02:38]} cxd5 {[%clk 01:24:04]} {[%emt 00:05:15]}
10. Bg5 {[%clk 01:28:48]} {[%emt 00:01:40]} c6 {[%clk 01:14:45]} {[%emt
00:09:49]} 11. Qh5 {[%clk 01:16:54]} {[%emt 00:12:24]} g6 {[%clk 01:11:59]}
{[%emt 00:03:12]} 12. Qh4 {[%clk 01:14:33]} {[%emt 00:02:55]} f6 {[%clk
01:01:45]} {[%emt 00:10:44]} 13. Bxf6 {[%clk 01:13:10]} {[%emt 00:01:52]} Qc7
{[%clk 01:01:52]} {[%emt 00:00:19]} 14. Rae1 {[%clk 01:10:12]} {[%emt
00:03:33]} Nf5 {[%clk 01:00:23]} {[%emt 00:01:57]} 15. Bxf5 {[%clk 01:10:02]}
{[%emt 00:00:41]} Bxf5 {[%clk 00:48:28]} {[%emt 00:12:26]} 16. Be7 {[%clk
01:10:01]} {[%emt 00:00:31]} Bxc2 {[%clk 00:32:41]} {[%emt 00:16:17]} 17. Bxc5
{[%clk 01:10:15]} {[%emt 00:00:16]} Rf7 {[%clk 00:32:52]} {[%emt 00:00:19]} 18.
Re7 {[%clk 01:10:18]} {[%emt 00:00:27]} Rxe7 {[%clk 00:32:04]} {[%emt
00:01:18]} 19. Qxe7 {[%clk 01:10:30]} {[%emt 00:00:17]} Qxe7 {[%clk 00:30:50]}
{[%emt 00:01:45]} 20. Bxe7 {[%clk 01:10:56]} {[%emt 00:00:04]} d4 {[%clk
00:29:30]} {[%emt 00:01:50]} 21. Rc1 {[%clk 01:07:41]} {[%emt 00:03:44]} dxc3
{[%clk 00:28:01]} {[%emt 00:02:00]} 22. Rxc2 {[%clk 01:04:52]} {[%emt
00:03:19]} Re8 {[%clk 00:28:19]} {[%emt 00:00:12]} 23. Rxc3 {[%clk 01:04:32]}
{[%emt 00:00:50]} Rxe7 {[%clk 00:28:41]} {[%emt 00:00:08]} 24. Kf1 {[%clk
01:04:13]} {[%emt 00:00:49]} Rc7 {[%clk 00:26:57]} {[%emt 00:02:11]} 25. Ke2
{[%clk 01:03:24]} {[%emt 00:01:22]} Kf7 {[%clk 00:25:57]} {[%emt 00:01:29]} 26.
Ke3 {[%clk 00:58:04]} {[%emt 00:05:51]} Ke7 {[%clk 00:24:29]} {[%emt 00:01:57]}
27. Ke4 {[%clk 00:55:49]} {[%emt 00:02:46]} Kf6 {[%clk 00:17:19]} {[%emt
00:07:37]} 28. Kd4 {[%clk 00:50:19]} {[%emt 00:06:03]} Rd7+ {[%clk 00:17:09]}
{[%emt 00:00:39]} 29. Kc5 {[%clk 00:47:05]} {[%emt 00:03:44]} Rd2 {[%clk
00:11:01]} {[%emt 00:06:39]} 30. Kxc6 {[%clk 00:47:24]} {[%emt 00:00:11]} Rxb2
{[%clk 00:10:45]} {[%emt 00:00:46]} 31. a3 {[%clk 00:45:45]} {[%emt 00:02:09]}
Ke5 {[%clk 00:06:41]} {[%emt 00:04:32]} 32. Rf3 {[%clk 00:40:53]} {[%emt
00:05:24]} Ke6 {[%clk 00:05:28]} {[%emt 00:01:34]} 33. Re3 {[%clk 00:39:41]}
{[%emt 00:01:51]} Kf7 {[%clk 00:05:04]} {[%emt 00:00:53]} 34. Rf3+ {[%clk
00:39:09]} {[%emt 00:01:02]} Kg7 {[%clk 00:05:17]} {[%emt 00:00:17]} 35. Kd7
{[%emt 00:03:58]} Rd2+ {[%clk 00:04:14]} 36. Kc7 {[%clk 00:37:13]} {[%emt
00:00:31]} Rb2 {[%clk 00:04:36]} {[%emt 00:00:09]} 1/2-1/2